000 nam a22 a 4500
999 _c3879
_d3879
005 20170524115022.0
008 170524b1980 ||||| |||| 00| 0 eng d
020 _a0804710546
040 _aAKMAL
082 _a900 PLA
090 _a900
_bPLA
245 _aLong Engagements
_bMaturity in Modern Japan /
_cDavid W. Plath
260 _aCalifornia
_bStandford University press
_c1980
300 _a235 p.
_ccm
942 _2ddc
_cBOOK